00339nam a2200121 a 450000500170000000800410001702000180005805000220007610000200009824500580011826000320017630000090020820140412111228.0100122s19uu xx 00 eng d a0-439-25406-x aTR(PS EbN91 2000 aNumeroff, Laura aIf you take a mouse to the movies /cNumeroff, Laura. aU.S.A :bScholastic,c2000. aunp.